Quiz Tour Eiffel - Statistiques

Statistiques générales
  • Ce quiz a été pris 22 fois
    12 depuis la dernière actualisation
  • Le résultat moyen est 4 sur 10
Statistiques - réponses
Hint Réponse % Correct
Qui a designé la Tour Eiffel ? Gustave Eiffel
100%
Où se trouve la Tour Eiffel ? Paris
100%
En quelle année a été construite la Tour Eiffel ? 1889
73%
Dans quel arrondissement se trouve la Tour Eiffel ? 7
55%
Quelle hauteur fait la Tour Eiffel (2022) 330
36%
Combien pèse la Tour Eiffel (en kilotonnes) ? 10
9%
Combien y a-t-il de kilotonnes de métal ? 7
9%
Quelle longueur fait Tour Eiffel (au niveau des pieds) ? 125
0%
Date (Jour Mois Année) du début de la construction de la Tour Eiffel Ex: 6 Mai 2026 26 Janvier 1887
0%
À quelle hauteur se situe le dernier étage de la Tour Eiffel ? 279
0%
Aucun quiz correspondant
Distribution des résultats
% des personnes avec chaque résultat
Percentile par nombre de réponses
Votre historique - résultats
Vous n’avez pas pris ce quiz depuis la dernière actualisation